Logo BPK

Biblioteka

Politechniki Koszalińskiej

Kombinatoryka i rachunek prawdopodobieństwa / (Rekord nr 7574)

Szczegóły MARC
000 -ETYKIETA REKORDU
podpole kontrolne o stałej długości 01541nam a2200457 i 4500
001 - NUMER KONTROLNY REKORDU
pole kontrolne 7574
003 - IDENTYFIKATOR NUMERU KONTROLNEGO REKORDU
podpole kontrolne KOSZ 005
005 - DATA OSTATNIEJ MODYFIKACJI REKORDU
podpole kontrolne 20200408112653.0
008 - POLE O STAŁEJ DŁUGOŚCI - DANE KONTROLNE
podpole kontrolne o stałej długości 070608s1972 pl a f f |000 0 pol
015 ## - NUMER BIBLIOGRAFII NARODOWEJ
Numer bibliografii narodowej PB 1972/10266
035 ## - NUMER SYSTEMOWY
Numer systemowy przejętego rekordu 991037163229705066
035 ## - NUMER SYSTEMOWY
Numer systemowy przejętego rekordu (PL-WaBN)b19970687-48omnis_nlop
035 ## - NUMER SYSTEMOWY
Numer systemowy przejętego rekordu b19970687
035 ## - NUMER SYSTEMOWY
Numer systemowy przejętego rekordu (OCoLC)69574834
035 ## - NUMER SYSTEMOWY
Numer systemowy przejętego rekordu (PL)b0000001997068
035 ## - NUMER SYSTEMOWY
Numer systemowy przejętego rekordu (EXLNZ-48OMNIS_NETWORK)9910144940005606
040 ## - ŹRÓDŁO KATALOGOWANIA
Instytucja, która sporządziła opis WA N
Instytucja, która utworzyła rekord WA N
Instytucja, która dokonała modyfikacji KOSZ 005/EC
041 ## - KOD JĘZYKA
Kod języka tekstu pol
046 ## - DATY KODOWANE
Pojedyncza data lub początek okresu powstania dzieła lub zbioru dzieł 1967
080 ## - UNIWERSALNA KLASYFIKACJA DZIESIĘTNA - UKD
UKD 519
100 1# - NAZWA OSOBOWA
Nazwa osobowa Gerstenkorn, Tadeusz
Daty związane z nazwą (1927- )
Określenie rodzaju współpracy Autor
245 10 - TYTUŁ/ODPOWIEDZIALNOŚĆ
Tytuł Kombinatoryka i rachunek prawdopodobieństwa /
Pozostałe elementy strefy tytułu i oznaczenia odpowiedzialności Tadeusz Gerstenkorn, Tadeusz Śródka.
260 ## - STREFA ADRESU WYDAWNICZEGO
Miejsce wydania Warszawa :
Nazwa wydawcy/dystrybutora Państwowe Wydawnictwo Naukowe,
Data publikacji, dystrybucji/powstania dokumentu 1972.
300 ## - STREFA OPISU FIZYCZNEGO
Objętość 432, [1] s. :
Inne cechy fizyczne il. ;
Rozmiary 23 cm.
336 ## - TYP ZAWARTOŚCI
Źródło (terminu i kodu) rdacontent
Termin opisujący typ zawartości Tekst
Kod określający zawartość txt
337 ## - TYP MEDIÓW
Źródło (terminu i kodu) rdamedia
Tryb odtwarzania Bez urządzenia pośredniczącego
Kod typu mediów n
338 ## - TYP/RODZAJ NOŚNIKA
Źródło (terminu i kodu) rdacarrier
Hasło opisujące typ nośnika Wolumin
Kod typu nośnika nc
380 ## - FORMA I TYP PUBLIKACJI
Forma i typ publikacji Książki
380 ## - FORMA I TYP PUBLIKACJI
Forma i typ publikacji Publikacje dydaktyczne
385 ## - ODBIORCA
Kategoria grupowa odbiorcy Poziom nauczania
Odbiorca Szkoły wyższe
388 ## - CZAS POWSTANIA
Czas powstania 1972
650 #7 - HASŁO PRZEDMIOTOWE W FORMIE NAZWY OGÓLNEJ LUB JEDNOSTKOWEJ
Nazwa ogólna lub geograficzna Rachunek prawdopodobieństwa
Źródło hasła lub terminu DBN
655 #7 - TERMIN INDEKSOWY - OKREŚLENIE RODZAJU/FORMY DOKUMENTU
Określenie rodzaju/formy dokumentu Podręczniki akademickie
Źródło terminu DBN
658 ## - TERMIN INDEKSOWY - PRZEDMIOT PROGRAMU NAUCZANIA
Główny przedmiot programu nauczania Matematyka
650 #7 - HASŁO PRZEDMIOTOWE W FORMIE NAZWY OGÓLNEJ LUB JEDNOSTKOWEJ
Nazwa ogólna lub geograficzna Kombinatoryka
Źródło hasła lub terminu DBN
700 1# - HASŁO DODATKOWE - NAZWA OSOBOWA
Nazwa osobowa Śródka, Tadeusz.
Określenie związku między hasłem a opisywanym materiałem Autor
710 2# - HASŁO DODATKOWE - NAZWA CIAŁA ZBIOROWEGO
Kod określenia powiązania pbl
Nazwa ciała zbiorowego lub jednostki geograficznej Państwowe Wydawnictwo Naukowe
856 ## - LOKALIZACJA I DOSTĘP DO ELEKTRONICZNYCH DOKUMENTÓW ZDALNYCH
Link (URL) http://koha.tu.koszalin.pl/cgi-bin/koha/opac-detail.pl?biblionumber=7574
Tekst linku Katalog online BPK
942 ## - DODATKOWE ELEMENTY (KOHA)
Schemat klasyfikacji Uniwersalna Klasyfikacja Dziesiętna
Typ dokumentu Książka
Egzemplarze
Wycofany Status egzemplarza Uszkodzony Dostępność Lokalizacja stała Lokalizacja bieżąca Numer ubytku Sygnatura Kod kreskowy Typ dokumentu Miejsce przechowywania Ostatnio wypożyczono Dział
  Egz. niedostępny   Niedostępny Biblioteka Politechniki Koszalińskiej Biblioteka Politechniki Koszalińskiej p21073 P 5706 01164824 Książka      
      Dostępny Biblioteka Politechniki Koszalińskiej Biblioteka Politechniki Koszalińskiej   P 5707 01169058 Książka Wypożyczalnia BG    
      Dostępny Biblioteka Politechniki Koszalińskiej Biblioteka Politechniki Koszalińskiej   P 5708 01029369 Książka Wypożyczalnia BG 05.04.2014  
      Dostępny Biblioteka Politechniki Koszalińskiej Biblioteka Politechniki Koszalińskiej   P 5708/L 01373653 Książka Wypożyczalnia BG    
      Tylko na miejscu Biblioteka Politechniki Koszalińskiej Biblioteka Politechniki Koszalińskiej   P 5709 01811018 Książka Czytelnia BG   519.2 Rachunek prawdopodobieństwa
© 2023 Biblioteka Politechniki Koszalińskiej :: KOHA